| 000 | 01318nam a2200349 a 4500 | ||
|---|---|---|---|
| 001 | 000111510 | ||
| 003 | CHAP | ||
| 005 | 20220329144215.0 | ||
| 008 | 150513s2012 mx a fsm |||||||spa d | ||
| 010 | _a107972 | ||
| 011 | _a108944 | ||
| 040 | _cCHAP | ||
| 090 | _aTesis | ||
| 100 | 1 |
_aÁlvarez Vázquez, José Luis _9129396 |
|
| 245 | 1 | 0 |
_aModelación de la productividad del cultivo del tomate (Lycopersicon esculentum Mill.) con AquaCrop Versión 3.1 Plus, en Meseta Comiteca, Chiapas, México _h[En línea] _cpor José Luis Álvarez Vázquez. |
| 260 |
_aChapingo, Méx. : _bEl autor, _c2012. |
||
| 500 | _aPara ver el contenido del material haga clic en la liga | ||
| 502 | _aTesis (Ing. Agr. Esp. en Zonas Tropicales) -- UACH. Unidad Regional Universitaria Sur-Sureste | ||
| 590 |
_aBATCH _b00 _c20181121 _lUCH01 _h0758 |
||
| 590 |
_aE11695DGD _b10 _c20150514 _lUCH01 _h1412 |
||
| 590 |
_aE6096MTM _b05 _c20150513 _lUCH01 _h1454 |
||
| 590 |
_aE6096MTM _b05 _c20150513 _lUCH01 _h1458 |
||
| 650 | 1 | 4 |
_aCultivos en invernadero. _930376 |
| 650 | 1 | 4 |
_aFenología. _940043 |
| 650 | 1 | 4 |
_aTomate _xRendimiento. _9113761 |
| 650 | 1 | 4 |
_aTomate _zChiapas. _9113783 |
| 856 |
_a1 _n0000306 |
||
| 856 |
_aFinding aid _uhttp://10.13.5.2/tesis/sist111510.pdf _zTeclea aquí |
||
| 901 | _aBK | ||
| 942 | _cTESIS | ||
| 942 | _n0 | ||
| 999 |
_c107972 _d107972 |
||